Tulasī ke Rāma. (Record no. 67119)

MARC details
000 -LEADER
fixed length control field 00567cam a22002291 4500
001 - CONTROL NUMBER
control field sa 66000208
003 - CONTROL NUMBER IDENTIFIER
control field DLC
005 - DATE AND TIME OF LATEST TRANSACTION
control field 20260227112213.0
008 - FIXED-LENGTH DATA ELEMENTS--GENERAL INFORMATION
fixed length control field 890925s1964 ii c 000 0 hino
010 ## - LIBRARY OF CONGRESS CONTROL NUMBER
LC control number sa 66000208
035 ## - SYSTEM CONTROL NUMBER
System control number (OCoLC)20388408
040 ## - CATALOGING SOURCE
Original cataloging agency DLC
Transcribing agency WaU
Modifying agency DLC
042 ## - AUTHENTICATION CODE
Authentication code premarc
050 00 - LIBRARY OF CONGRESS CALL NUMBER
Classification number BL1225.R3
Item number S49
100 1# - MAIN ENTRY--PERSONAL NAME
Personal name Sinha, Satya Narayan,
Dates associated with a name 1900-
245 10 - TITLE STATEMENT
Title Tulasī ke Rāma.
260 ## - PUBLICATION, DISTRIBUTION, ETC.
Date of publication, distribution, etc. [1964]
300 ## - PHYSICAL DESCRIPTION
Extent 80 p.
Other physical details port.
Dimensions 21 cm.
500 ## - GENERAL NOTE
General note In Hindi.
650 #0 - SUBJECT ADDED ENTRY--TOPICAL TERM
Topical term or geographic name entry element Rāma (Hindu deity)
600 00 - SUBJECT ADDED ENTRY--PERSONAL NAME
Personal name Tulasīdāsa,
Dates associated with a name 1532-1623.

No items available.

Powered by Koha